| 000 | 01029nam a2200241 i 4500 | ||
|---|---|---|---|
| 001 | 187395 | ||
| 003 | SpMaBN | ||
| 005 | 20230906222917.0 | ||
| 008 | 170628s1990 po ae c |||| |dspa d | ||
| 020 | _a972-27-0654-3 | ||
| 080 | _a72 Siza, Álvaro (060.64) | ||
| 100 | 1 |
_aSiza, Álvaro. _9153212 |
|
| 245 | 1 | 0 |
_aArquitectura, Álvaro Siza _b: [álbum de la exposición] : 25 octubre-30 diciembre 1990, Galería de Exposiciones del MOPU, Dirección General para la Vivienda y Arquitectura, Madrid / _cÁlvaro Siza. |
| 246 | 3 | 5 |
_iTít. del cuaderno anejo _aArquitectura 1980-1990 |
| 260 |
_aLisboa : _bImprensa Nacional-Casa da Moeda, _c[1990] |
||
| 300 |
_a47 p. : _bil. col. y n. ; _c30 cm + _e1 cuaderno (17 p.: il., planos) |
||
| 600 | 1 | 7 |
_aSiza, Álvaro- _vExposiciones. _9153213 |
| 655 | 7 |
_2tgfbne _9193628 _aCatálogos de exposiciones |
|
| 710 | 1 |
_aEspaña. _bDirección General para la Vivienda y Arquitectura. _9161292 |
|
| 852 |
_aES-MaACL _j2323-F-20(1-2) |
||
| 942 | _2udc | ||
| 999 |
_c187395 _d187395 |
||